Central Library OPAC University of Rajshahi

গণতান্ত্রিক বিপ্লবে সোশ্যাল-ডেমোক্রাসির দুই রণকৌশল / (Record no. 47443)

MARC details
000 -LEADER
fixed length control field 00904nam a2200229 a 4500
001 - CONTROL NUMBER
control field 47443
003 - CONTROL NUMBER IDENTIFIER
rucl marc code BD-RjUL
005 - DATE AND TIME OF LATEST TRANSACTION
control field 20211209054320.0
008 - FIXED-LENGTH DATA ELEMENTS--GENERAL INFORMATION
fixed length control field 160808s1984 ru |||| ||| 000 0 ben d
035 ## - SYSTEM CONTROL NUMBER
System control number (BD-RjUL) 47562
040 ## - CATALOGING SOURCE
Original cataloging agency BD-RjUL
Language of cataloging ben
Transcribing agency BD-RjUL
041 ## - LANGUAGE CODE
Language code of text/sound track or separate title ben
082 ## - DEWEY DECIMAL CLASSIFICATION NUMBER
Edition number 23
Classification number 335.43
Author mark and year LEG 1984
100 1# - MAIN ENTRY--PERSONAL NAME
Personal name লেলিন, ভ. ই.
9 (RLIN) 144204
245 10 - TITLE STATEMENT
Title গণতান্ত্রিক বিপ্লবে সোশ্যাল-ডেমোক্রাসির দুই রণকৌশল /
Statement of responsibility, etc. ভ. ই. লেলিন : সম্পাদনা : ননী ভৌমিক
260 ## - PUBLICATION, DISTRIBUTION, ETC. (IMPRINT)
Place of publication, distribution, etc. মস্কো :
Name of publisher, distributor, etc. প্রগতি প্রকাশনী,
Date of publication, distribution, etc. ১৯৮৪
300 ## - PHYSICAL DESCRIPTION
Pagination ১৫৭ পৃ. ;
Size ২০ সেমি.
650 ## - SUBJECT ADDED ENTRY--TOPICAL TERM
Topical term or geographic name as entry element সাম্যবাদ
9 (RLIN) 144283
Topical term or geographic name as entry element Communism
9 (RLIN) 144284
700 ## - ADDED ENTRY--PERSONAL NAME
Personal name ভৌমিক, ননী
942 ## - ADDED ENTRY ELEMENTS (KOHA)
Source of classification or shelving scheme Dewey Decimal Classification
Koha item type Books
Holdings
Lost status Source of classification or shelving scheme Damaged status Not for loan Collection code Permanent Location Current Location Shelving location Date acquired Total Checkouts Full call number Checked out Date last seen Date checked out Copy number Koha item type Source of acquisition
  Dewey Decimal Classification     Non-fiction Central Library, University of Rajshahi Central Library, University of Rajshahi   05/08/1949 2 B 335.43 LEG 1984 03/09/2024 19/08/2024 19/08/2024 C-2 Books  
  Dewey Decimal Classification     Non-fiction Central Library, University of Rajshahi Central Library, University of Rajshahi   05/08/1989   B 335.43 LEG 1984   08/08/2016   C-3 Books  
  Dewey Decimal Classification   Not For Loan Non-fiction Central Library, University of Rajshahi Central Library, University of Rajshahi Reading Room 05/08/1989   B 335.43 LEG 1984   19/01/2017   C-1 Books Embassiry of Soviet